It's a good thing there are insects / (Record no. 4173)

MARC details
000 -LEADER
fixed length control field 01207cam a2200349 a 4500
001 - CONTROL NUMBER
control field 4173
003 - CONTROL NUMBER IDENTIFIER
control field FISKH
005 - DATE AND TIME OF LATEST TRANSACTION
control field 20240625134306.0
008 - FIXED-LENGTH DATA ELEMENTS--GENERAL INFORMATION
fixed length control field 900518s1990 ilua j 001 0 eng
010 ## - LIBRARY OF CONGRESS CONTROL NUMBER
LC control number 90002205
020 ## - INTERNATIONAL STANDARD BOOK NUMBER
International Standard Book Number 0516049054
040 ## - CATALOGING SOURCE
Original cataloging agency DLC
Transcribing agency DLC
Modifying agency DLC
Language of cataloging eng
050 ## - LIBRARY OF CONGRESS CALL NUMBER
Classification number QL467.F68
082 ## - DEWEY DECIMAL CLASSIFICATION NUMBER
Classification number 595.7
100 1# - MAIN ENTRY--PERSONAL NAME
Personal name Fowler, Allan.
245 10 - TITLE STATEMENT
Title It's a good thing there are insects /
Statement of responsibility, etc. by Allan Fowler ; images supplied by VALAN Photos and Jeffrey L. Rotman ; consultants, Robert L. Hillerich, Mary Nalbandian.
250 ## - EDITION STATEMENT
Edition statement First Scholastic printing, December 2001
260 ## - PUBLICATION, DISTRIBUTION, ETC.
Place of publication, distribution, etc. New York :
Name of publisher, distributor, etc. Scholastic,
Date of publication, distribution, etc. 1990
300 ## - PHYSICAL DESCRIPTION
Extent 31 pages :
Other physical details color illustrations ;
Dimensions 18 cm
490 ## - SERIES STATEMENT
Series statement Rookie read-about science
505 ## - FORMATTED CONTENTS NOTE
Formatted contents note G<br/>
520 ## - SUMMARY, ETC.
Summary, etc. Identifies the characteristics of insects and describes some of their useful activities and products.
521 8# - TARGET AUDIENCE NOTE
Target audience note 380<br/>
Source Lexile<br/>
521 8# - TARGET AUDIENCE NOTE
Target audience note G<br/>
Source Raz-Plus<br/>
650 #0 - SUBJECT ADDED ENTRY--TOPICAL TERM
Topical term or geographic name entry element Insects
General subdivision Juvenile literature.
650 #1 - SUBJECT ADDED ENTRY--TOPICAL TERM
Topical term or geographic name entry element Insects.
700 ## - ADDED ENTRY--PERSONAL NAME
Personal name Photos, Valan
Relator term Photographer
700 ## - ADDED ENTRY--PERSONAL NAME
Personal name Rotman, Jefferey L.
Relator term Photographer
906 ## - LOCAL DATA ELEMENT F, LDF (RLIN)
a 7
b cbc
c orignew
d 1
e ocip
f 19
g y-gencatlg
942 ## - ADDED ENTRY ELEMENTS (KOHA)
Source of classification or shelving scheme Dewey Decimal Classification
Koha item type Books
Suppress in OPAC No
Holdings
Withdrawn status Lost status Source of classification or shelving scheme Damaged status Not for loan Collection Home library Current library Shelving location Date acquired Total Checkouts Full call number Barcode Date last seen Date last checked out Price effective from Koha item type
    Dewey Decimal Classification     Non-Fiction Footprints International School Library Network Toul Kork Campus Footprints International School Library Network Toul Kork Campus TK Primary Library Room(4th Floor), Bookcase 1&2, Shelves 1-16, Dark Blue Books 06/25/2024 1 FOW 595.7 QL467.F68 FISBK02222 12/09/2024 08/12/2024 06/25/2024 Books